|
|
|
|
| LEADER |
00000nam0a2200000 4500 |
| 001 |
677375 |
| 005 |
20241216150658.0 |
| 090 |
|
|
|a 677375
|
| 100 |
|
|
|a 20241211d1918 m||y0rusy50 ca
|
| 101 |
|
0 |
|a rus
|
| 102 |
|
|
|a RU
|
| 105 |
|
|
|a y z 000yy
|
| 181 |
|
0 |
|a i
|b e
|
| 182 |
|
0 |
|a n
|
| 183 |
|
0 |
|a nc
|2 RDAcarrier
|
| 200 |
1 |
|
|a Сибирь в государственных доходах и расходах России
|e доклад, читанный 10-го декабря 1917 г. в финансово-экономической секции чрезвычайного Сибирского съезда
|e оттиск
|f Константин Фаге
|
| 203 |
|
|
|a Текст
|b визуальный
|c непосредственный
|
| 210 |
|
|
|a Томск
|c Народная типография
|d 1918
|
| 215 |
|
|
|a 22 с.
|
| 225 |
1 |
|
|a Статистико-экономические бюллетени
|v Вып. 8
|
| 283 |
|
|
|a volume
|2 RDAcarrier
|
| 300 |
|
|
|a Текст в русской дореформенной орфографии
|
| 300 |
|
|
|a Оттиск из № 8 "Статистико-Экономических бюллетеней", издаваемых Информационным Бюро Статистиков Сибири и Туркестана
|
| 606 |
1 |
|
|a Сибирь
|x Экономическая история
|z 1900-1928
|9 58116
|
| 610 |
1 |
|
|a финансы
|
| 610 |
1 |
|
|a бюджет
|
| 610 |
1 |
|
|a государственные расходы
|
| 610 |
1 |
|
|a государственные доходы
|
| 610 |
1 |
|
|a Россия
|
| 610 |
1 |
|
|a 20 век
|
| 610 |
1 |
|
|a доклады
|
| 610 |
1 |
|
|a оттиски
|
| 610 |
1 |
|
|a губернии
|
| 610 |
1 |
|
|a области
|
| 610 |
1 |
|
|a Томская губерния
|
| 686 |
|
|
|2 rubbk
|a У03(2)6
|
| 700 |
|
1 |
|a Фаге
|b К.
|g Константин
|
| 801 |
|
0 |
|a RU
|b 63413507
|c 20241211
|
| 830 |
|
|
|a Ретро2024Каталогизация Кузнецова
|
| 850 |
|
|
|a 63413507
|
| 942 |
|
|
|c BK
|